000 00749nam a2200289Ia 4500
005 20260324120929.0
008 008 260324s9999 xx 000 0 eng d
020 _a9781315852447
037 _aEBOOK
040 _aCRL
040 _beng
040 _cCRL
041 _2eng
041 _aeng
084 _qCRL
100 _aDavid Howard; Janet Webster; Anne Whitworth
_91160526
245 2 _aA Cognitive Neuropsychological Approach to Assessment and Intervention in Aphasia
245 2 _bA clinician's guide
260 _bTaylor and Francis
260 _c2014
365 _a
365 _b240
856 _uhttp://www.taylorfrancis.com/books/9781315852447
942 _cEBOOK
999 _c1752317
_d1752317